[Event "NRW Class1 0607"]
[Site "Germany"]
[Date "2007.01.28"]
[Round "5.1"]
[White "Kishnev, Sergey"]
[Black "Hogenacker, Jacques"]
[Result "1-0"]
[WhiteElo "2481"]
[BlackElo "2285"]
[PlyCount "63"]
[EventDate "2006.09.17"]
[EventType "team-tourn"]
[EventRounds "9"]
[EventCountry "GER"]
[SourceTitle "EXT 2008"]
[Source "ChessBase"]
[SourceDate "2007.11.25"]
[SourceVersion "1"]
[SourceVersionDate "2007.11.25"]
[SourceQuality "1"]
[WhiteTeam "Gelsenkirchen"]
[BlackTeam "Gerling"]
[WhiteTeamCountry "GER"]
[BlackTeamCountry "GER"]

1. d4 d6 2. c4 g6 3. Nc3 Bg7 4. Bg5 h6 5. Bh4 c6 6. e3 Qb6 7. Qd2 Nf6 8. Bd3 Nbd7 9. f4 e5 10. fxe5 dxe5 11. Nf3 0-0 12. 0-0-0 Re8 13. c5 Qa5 14. Rhf1 exd4 15. exd4 Nd5 16. Nxd5 Qxd2+ 17. Kxd2 cxd5 18. Rde1 Rxe1 19. Rxe1 Kf8 20. Be7+ Kg8 21. Bh4 Kf8 22. Be7+ Kg8 23. Bb5 Nb8 24. Bd6 Be6 25. Ne5 Bxe5 26. Bxe5 Nc6 27. Bf6 Re8 28. b4 Bd7 29. Rxe8+ Bxe8 30. Ba4 Bd7 31. b5 Na5 32. b6 1-0

[Event "Oberliga NRW 0506"]
[Site "Germany"]
[Date "2005.12.04"]
[Round "4.1"]
[White "Kishnev, Sergey"]
[Black "Forchert, Martin"]
[Result "1/2-1/2"]
[WhiteElo "2485"]
[BlackElo "2402"]
[PlyCount "80"]
[EventDate "2005.09.25"]
[EventType "team-tourn"]
[EventRounds "9"]
[EventCountry "GER"]
[SourceTitle "EXT 2007"]
[Source "ChessBase"]
[SourceDate "2006.11.23"]
[SourceVersion "1"]
[SourceVersionDate "2006.11.23"]
[SourceQuality "1"]
[WhiteTeam "Gelsenkirchen Hassel"]
[BlackTeam "Bielefeld"]
[WhiteTeamCountry "GER"]
[BlackTeamCountry "GER"]

1. d4 d5 2. c4 c6 3. e3 Nf6 4. Nc3 a6 5. b3 Bf5 6. Bd3 Bg6 7. Nf3 e6 8. Ne5 Bb4 9. Bd2 Bxd3 10. Nxd3 Bxc3 11. Bxc3 0-0 12. Bb4 Re8 13. f3 b5 14. 0-0 bxc4 15. bxc4 dxc4 16. Ne5 Nd5 17. Qe1 Nd7 18. Nxc4 e5 19. Bc3 exd4 20. Bxd4 c5 21. Bb2 N7b6 22. Qg3 f6 23. Nd6 Re6 24. Nf5 Qf8 25. e4 Ne7 26. Qg4 Nxf5 27. Qxf5 Qc8 28. Rac1 Rc6 29. Qh5 Qc7 30. Rfe1 Qf7 31. Rxc5 g6 32. Rxc6 gxh5 33. Rxb6 Qc7 34. Bd4 Rd8 35. Be3 Qc3 36. Kf2 Rd2+ 37. Bxd2 Qxd2+ 38. Kf1 Qd3+ 39. Re2 Qd1+ 40. Re1 Qd3+ 1/2-1/2

[Event "NRW Class2 0304"]
[Site "Germany"]
[Date "2004.04.25"]
[Round "9.2"]
[White "Wagner, Alexej"]
[Black "Kishnev, Sergey"]
[Result "0-1"]
[WhiteElo "2241"]
[BlackElo "2488"]
[PlyCount "58"]
[EventDate "2003.09.28"]
[EventType "team"]
[EventRounds "9"]
[EventCountry "GER"]
[SourceTitle "CBM 098 Extra"]
[Source "ChessBase"]
[SourceDate "2004.03.10"]
[SourceVersion "2"]
[SourceVersionDate "2004.03.10"]
[SourceQuality "1"]
[WhiteTeam "Lippstadt Turm"]
[BlackTeam "Gelsenkirchen Hassel"]
[WhiteTeamCountry "GER"]
[BlackTeamCountry "GER"]

1. d4 Nf6 2. c4 e6 3. Nc3 Bb4 4. Qc2 0-0 5. Bg5 c5 6. dxc5 Qa5 7. Bd2 Qxc5 8. e3 Nc6 9. a3 Bxc3 10. Bxc3 a5 11. b3 e5 12. Nf3 Re8 13. Be2 d5 14. 0-0 d4 15. exd4 exd4 16. Bb2 Bg4 17. Rad1 Re4 18. h3 Bh5 19. g4 Bg6 20. Bd3 Rf4 21. Kg2 h5 22. Bc1 Rxf3 23. Bxg6 hxg4 24. hxg4 Rc3 25. Qf5 Ne5 26. Bh5 Rf3 27. Qc2 Qc6 28. Kg1 Rc3 29. Qf5 Nf3+ 0-1

[Event "BEL-chT 0304"]
[Site "Belgium"]
[Date "2004.03.09"]
[Round "10.3"]
[White "Kishnev, Sergey"]
[Black "Foisor, Ovidiu Doru"]
[Result "1-0"]
[WhiteElo "2488"]
[BlackElo "2411"]
[PlyCount "59"]
[EventDate "2003.10.01"]
[EventType "team"]
[EventRounds "11"]
[EventCountry "BEL"]
[SourceTitle "EXT 2005"]
[Source "ChessBase"]
[SourceDate "2004.11.15"]
[SourceVersion "1"]
[SourceVersionDate "2004.11.15"]
[SourceQuality "1"]
[WhiteTeam "Rochade"]
[BlackTeam "Liege Crelel"]
[WhiteTeamCountry "BEL"]
[BlackTeamCountry "BEL"]

1. d4 g6 2. e4 c6 3. c4 Bg7 4. Nc3 d6 5. Nf3 a6 6. Bg5 b5 7. Qd2 Nd7 8. Bd3 Bb7 9. 0-0 Qb8 10. b4 h6 11. Be3 Ngf6 12. h3 bxc4 13. Bxc4 d5 14. exd5 cxd5 15. Bb3 Bc6 16. Rac1 0-0 17. Bxh6 Bxh6 18. Qxh6 Qxb4 19. Ng5 e6 20. Bc2 Qe7 21. Rfe1 Rfc8 22. Re3 Nf8 23. Rce1 Be8 24. Rf3 Ra7 25. Bb3 Qd8 26. Ree3 a5 27. Rf4 Nh5 28. Rh4 Rxc3 29. Rxc3 f6 30. Qxf8+ 1-0

[Event "NRW Class2 0304"]
[Site "Germany"]
[Date "2003.11.09"]
[Round "3.2"]
[White "Kind, Bertram"]
[Black "Kishnev, Sergey"]
[Result "0-1"]
[WhiteElo "2265"]
[BlackElo "2488"]
[PlyCount "44"]
[EventDate "2003.09.28"]
[EventType "team"]
[EventRounds "9"]
[EventCountry "GER"]
[SourceTitle "CBM 098 Extra"]
[Source "ChessBase"]
[SourceDate "2004.03.10"]
[SourceVersion "2"]
[SourceVersionDate "2004.03.10"]
[SourceQuality "1"]
[WhiteTeam "Hagen"]
[BlackTeam "Gelsenkirchen Hassel"]
[WhiteTeamCountry "GER"]
[BlackTeamCountry "GER"]

1. e4 c5 2. Nc3 Nc6 3. f4 g6 4. Nf3 Bg7 5. Bc4 a6 6. a4 e6 7. f5 Nge7 8. fxe6 fxe6 9. d3 d5 10. exd5 exd5 11. Bb3 Bg4 12. h3 Bxf3 13. Qxf3 Nd4 14. Qg4 c4 15. Bh6 Bxh6 16. Qxd4 0-0 17. dxc4 Nf5 18. Qxd5+ Qxd5 19. Nxd5 Ng3 20. Rg1 Rae8+ 21. Kd1 Rf2 22. c5 Kg7 0-1

[Event "Oberliga NRW 0203 II"]
[Site "Germany"]
[Date "2003.05.04"]
[Round "9.2"]
[White "Berg, Michael"]
[Black "Kishnev, Sergey"]
[Result "1/2-1/2"]
[WhiteElo "2332"]
[BlackElo "2497"]
[PlyCount "48"]
[EventDate "2002.10.06"]
[EventType "team"]
[EventRounds "9"]
[EventCountry "GER"]
[SourceTitle "EXT 2004"]
[Source "ChessBase"]
[SourceDate "2003.11.25"]
[SourceVersion "1"]
[SourceVersionDate "2003.11.25"]
[SourceQuality "1"]
[WhiteTeam "Solingen II"]
[BlackTeam "Gelsenkirchen"]
[WhiteTeamCountry "GER"]
[BlackTeamCountry "GER"]

1. d4 Nf6 2. c4 c5 3. d5 b5 4. cxb5 a6 5. b6 e6 6. Nc3 Nxd5 7. Nxd5 exd5 8. Qxd5 Nc6 9. Nf3 Rb8 10. Ne5 Qf6 11. Nxc6 dxc6 12. Qb3 Be6 13. Qg3 Rxb6 14. Qc7 Qd8 15. Qxd8+ Kxd8 16. Bf4 Be7 17. Be5 Bf6 18. Bxf6+ gxf6 19. e3 Ke7 20. b3 a5 21. Rc1 a4 22. Bc4 Rg8 23. g3 Bxc4 24. Rxc4 axb3 1/2-1/2

[Event "Oberliga NRW 0203 II"]
[Site "Germany"]
[Date "2003.04.06"]
[Round "8.2"]
[White "Kishnev, Sergey"]
[Black "Haub, Thorsten Michael"]
[Result "1-0"]
[WhiteElo "2497"]
[BlackElo "2381"]
[PlyCount "161"]
[EventDate "2002.10.06"]
[EventType "team"]
[EventRounds "9"]
[EventCountry "GER"]
[SourceTitle "EXT 2004"]
[Source "ChessBase"]
[SourceDate "2003.11.25"]
[SourceVersion "1"]
[SourceVersionDate "2003.11.25"]
[SourceQuality "1"]
[WhiteTeam "Gelsenkirchen"]
[BlackTeam "Plettenberg"]
[WhiteTeamCountry "GER"]
[BlackTeamCountry "GER"]

1. d4 e6 2. c4 f5 3. Nf3 Nf6 4. g3 Be7 5. Bg2 0-0 6. 0-0 Ne4 7. Nbd2 Bf6 8. Qc2 d5 9. b3 Nc6 10. Bb2 Bd7 11. Rfd1 Be8 12. Ne5 Nxd2 13. Rxd2 Ne7 14. a4 c6 15. Ba3 Bg6 16. Qc3 Re8 17. Qb4 Qc7 18. Qd6 Qxd6 19. Bxd6 Nc8 20. Bc7 Re7 21. Ba5 Nd6 22. Bb4 Rd8 23. Bxd6 Rxd6 24. c5 Rd8 25. b4 Be8 26. e3 a5 27. f4 Ra8 28. Rb2 axb4 29. a5 Rc7 30. Rxb4 Bd8 31. Bf1 Kf8 32. h3 Ra7 33. a6 bxa6 34. Rb8 Ke7 35. Rxa6 Bd7 36. Rab6 Ra1 37. Kf2 Rca7 38. R6b7 Bc7 39. Rxa7 Rxa7 40. Rg8 Ra2+ 41. Kf3 Bxe5 42. fxe5 Kf7 43. Rd8 Be8 44. Rb8 Ke7 45. Rb7+ Bd7 46. g4 h6 47. gxf5 exf5 48. Bb5 Kd8 49. e6 Bxe6 50. Bxc6 g5 51. Rh7 Ra3 52. Rxh6 Ke7 53. h4 f4 54. hxg5 Rxe3+ 55. Kxf4 Re4+ 56. Kf3 Rxd4 57. Rh7+ Kf8 58. Bd7 Bg8 59. Rh8 Kg7 60. Rh6 Rc4 61. c6 Bf7 62. Bf5 Rc3+ 63. Kf4 d4 64. Rd6 Rc4 65. Be4 Be8 66. Re6 Bh5 67. Ke5 Bg4 68. Rd6 Rc5+ 69. Kf4 Bh5 70. Rxd4 Kf7 71. Rd6 Ke7 72. Rh6 Be8 73. Rf6 Bh5 74. Rf5 Rc4 75. Rf6 Be8 76. Ke5 Rc1 77. Re6+ Kd8 78. g6 Re1 79. c7+ Kxc7 80. Rxe8 Kd7 81. Rf8 1-0

[Event "EU-Cup 18th"]
[Site "Kallithea"]
[Date "2002.09.27"]
[Round "6.2"]
[White "Huzman, Alexander"]
[Black "Kishnev, Sergey"]
[Result "1/2-1/2"]
[WhiteElo "2591"]
[BlackElo "2497"]
[PlyCount "30"]
[EventDate "2002.09.22"]
[EventType "team-swiss"]
[EventRounds "7"]
[EventCountry "GRE"]
[SourceTitle "CBM 092"]
[Source "ChessBase"]
[SourceDate "2003.02.06"]
[SourceVersion "1"]
[SourceVersionDate "2003.02.06"]
[SourceQuality "1"]
[WhiteTeam "Beer Sheva"]
[BlackTeam "Eupen Rochade"]
[WhiteTeamCountry "ISR"]
[BlackTeamCountry "BEL"]

1. d4 Nf6 2. Nf3 e6 3. c4 b6 4. g3 Ba6 5. Qb3 d5 6. cxd5 Qxd5 7. Nc3 Qxb3 8. axb3 Bb7 9. Bg2 a5 10. 0-0 Na6 11. Bf4 Bd6 12. Rfc1 0-0-0 13. Bxd6 Rxd6 14. e3 Bxf3 15. Bxf3 Nd5 1/2-1/2

[Event "EU-Cup 18th"]
[Site "Kallithea"]
[Date "2002.09.25"]
[Round "4.2"]
[White "Kishnev, Sergey"]
[Black "Blagojevic, Dragisa"]
[Result "1/2-1/2"]
[WhiteElo "2497"]
[BlackElo "2537"]
[PlyCount "84"]
[EventDate "2002.09.22"]
[EventType "team-swiss"]
[EventRounds "7"]
[EventCountry "GRE"]
[SourceTitle "CBM 092"]
[Source "ChessBase"]
[SourceDate "2003.02.06"]
[SourceVersion "1"]
[SourceVersionDate "2003.02.06"]
[SourceQuality "1"]
[WhiteTeam "Eupen Rochade"]
[BlackTeam "Sarajevo Napredak"]
[WhiteTeamCountry "BEL"]
[BlackTeamCountry "BIH"]

1. d4 d5 2. c4 c6 3. Nf3 Nf6 4. Nc3 e6 5. e3 Nbd7 6. Qc2 Bd6 7. g4 Nxg4 8. Rg1 f5 9. h3 Ngf6 10. Rxg7 Ne4 11. Bd2 Qf6 12. Rg2 Nf8 13. 0-0-0 Bd7 14. Be2 Ng6 15. Rdg1 0-0-0 16. cxd5 Nxc3 17. Bxc3 exd5 18. Rg5 Be6 19. Bd3 Rdf8 20. Qa4 Kb8 21. Bb4 Bc8 22. h4 Ne7 23. Bc5 Bxc5 24. dxc5 f4 25. e4 dxe4 26. Qxe4 Ng6 27. Qb4 Ne7 28. Qe4 Ng6 29. Qb4 Ne7 30. Be4 Rd8 31. Rg7 Nf5 32. R7g5 Nd4 33. Nxd4 Rxd4 34. Qc3 Rhd8 35. Bxh7 Qe6 36. b3 Qe2 37. Bc2 Qxf2 38. Qe1 Qf3 39. Rf1 Qh3 40. Rxf4 Rxf4 41. Qe5+ Ka8 42. Qxf4 Rh8 1/2-1/2

[Event "BL2-West 0102"]
[Site "Germany"]
[Date "2002.01.20"]
[Round "4.2"]
[White "Kishnev, Sergey"]
[Black "Telljohann, Sven"]
[Result "1-0"]
[WhiteElo "2498"]
[BlackElo "2415"]
[PlyCount "72"]
[EventDate "2001.10.07"]
[EventType "team-tourn"]
[EventRounds "9"]
[EventCountry "GER"]
[SourceTitle "CBM 088 Extra"]
[Source "ChessBase"]
[SourceDate "2002.07.01"]
[SourceVersion "2"]
[SourceVersionDate "2002.07.01"]
[SourceQuality "1"]
[WhiteTeam "Gelsenkirchen"]
[BlackTeam "Muenster"]
[WhiteTeamCountry "GER"]
[BlackTeamCountry "GER"]

1. d4 c5 2. d5 g6 3. e4 Bg7 4. f4 d6 5. Nf3 Nf6 6. Nc3 0-0 7. Be2 Na6 8. 0-0 Nc7 9. a4 a6 10. Re1 Rb8 11. a5 b5 12. axb6 Rxb6 13. h3 Rb4 14. Bd3 e6 15. Na2 Rb8 16. c4 exd5 17. exd5 Nd7 18. Rb1 f5 19. b4 Re8 20. Be3 cxb4 21. Nxb4 Bb7 22. Bc2 a5 23. Nc6 Bxc6 24. dxc6 Rxb1 25. Qxb1 Nc5 26. Qb6 Bc3 27. Rd1 Bb4 28. Bf2 Qe7 29. Kh1 Na8 30. Qb5 Nc7 31. Qb6 Na8 32. Qb5 Qe2 33. Bxc5 Qxc2 34. Rxd6 Qc1+ 35. Ng1 Nc7 36. Qb6 Na8 1-0

[Event "BEL-chT 0102"]
[Site "Belgium"]
[Date "2001.12.23"]
[Round "5"]
[White "Kishnev, Sergey"]
[Black "Hausrath, Daniel"]
[Result "1-0"]
[WhiteElo "2498"]
[BlackElo "2474"]
[PlyCount "145"]
[EventDate "2001.10.14"]
[EventType "team"]
[EventRounds "11"]
[EventCountry "BEL"]
[SourceTitle "EXT 2003"]
[Source "ChessBase"]
[SourceDate "2002.11.25"]
[SourceVersion "1"]
[SourceVersionDate "2002.11.25"]
[SourceQuality "1"]

1. e4 c5 2. Nf3 g6 3. d4 Bg7 4. c4 Qb6 5. Nc3 cxd4 6. Nd5 Qa5+ 7. b4 Qd8 8. Bg5 f6 9. Qxd4 e6 10. Ne3 Qe7 11. Bh4 Qxb4+ 12. Nd2 Nc6 13. Qd3 Nge7 14. Rb1 Qa5 15. Qd6 g5 16. Bg3 Ng6 17. Be2 Bf8 18. Qd3 Bb4 19. Rb2 Nge5 20. Bxe5 Nxe5 21. Qb3 Bc3 22. Rc2 Bxd2+ 23. Rxd2 b6 24. h4 Bb7 25. hxg5 fxg5 26. Rh5 0-0-0 27. c5 Kb8 28. Rxg5 d6 29. cxb6 Qxb6 30. Qxb6 axb6 31. f3 Rc8 32. Rh5 Rc1+ 33. Kf2 Rc5 34. Rh6 Bc8 35. f4 Ng6 36. g3 Kc7 37. Bd3 Bb7 38. e5 Ne7 39. exd6+ Kxd6 40. f5 Kc7 41. Rxe6 Nc6 42. Be4 Rd8 43. Rd5 Ra5 44. Rxa5 Nxa5 45. Bxb7 Nxb7 46. Kf3 Nc5 47. Re7+ Rd7 48. Rxd7+ Nxd7 49. Ke4 Kd6 50. Kd4 b5 51. Ng4 Nb8 52. Ne5 h5 53. Ke4 Ke7 54. Kf4 Kf6 55. a3 Na6 56. Nd7+ Ke7 57. Nb6 Nc5 58. Nd5+ Kf7 59. Ke3 Nb7 60. Nc3 Nd6 61. Kf4 Kg7 62. Kg5 Kf7 63. Kf4 Kg7 64. Ke5 Nc4+ 65. Ke6 Nxa3 66. Ke7 Nc4 67. f6+ Kh7 68. Nxb5 Ne5 69. Nd4 Kg6 70. Ke6 Nf7 71. Nc6 Ng5+ 72. Ke7 Kf5 73. Nd4+ 1-0

[Event "BL2-West 0102"]
[Site "Germany"]
[Date "2001.11.11"]
[Round "2.2"]
[White "Kishnev, Sergey"]
[Black "Van der Wiel, John"]
[Result "1/2-1/2"]
[WhiteElo "2498"]
[BlackElo "2498"]
[PlyCount "39"]
[EventDate "2001.10.07"]
[EventType "team-tourn"]
[EventRounds "9"]
[EventCountry "GER"]
[SourceTitle "CBM 088 Extra"]
[Source "ChessBase"]
[SourceDate "2002.07.01"]
[SourceVersion "2"]
[SourceVersionDate "2002.07.01"]
[SourceQuality "1"]
[WhiteTeam "Gelsenkirchen"]
[BlackTeam "Koeln Porz II"]
[WhiteTeamCountry "GER"]
[BlackTeamCountry "GER"]

1. d4 Nf6 2. c4 e6 3. Nc3 Bb4 4. Qc2 0-0 5. a3 Bxc3+ 6. Qxc3 d6 7. Bg5 Nbd7 8. e3 b6 9. Bd3 Bb7 10. Nf3 c5 11. 0-0 h6 12. Bh4 Bxf3 13. gxf3 cxd4 14. Qxd4 Ne5 15. Be2 Ng6 16. Bxf6 Qxf6 17. Qxf6 gxf6 18. Rfd1 Rfd8 19. Rd2 Nf8 20. f4 1/2-1/2

[Event "EU-Cup 17th"]
[Site "Panormo"]
[Date "2001.09.23"]
[Round "1.1"]
[White "Kishnev, Sergey"]
[Black "Gofshtein, Leonid D"]
[Result "1/2-1/2"]
[WhiteElo "2498"]
[BlackElo "2518"]
[PlyCount "91"]
[EventDate "2001.09.22"]
[EventType "team-swiss"]
[EventRounds "7"]
[EventCountry "GRE"]
[SourceTitle "CBM 084 Extra"]
[Source "ChessBase"]
[SourceDate "2001.10.26"]
[SourceVersion "1"]
[SourceVersionDate "2001.10.26"]
[SourceQuality "1"]
[WhiteTeam "Eupen Rochade"]
[BlackTeam "Tel Aviv Shlomo Har Zvi"]
[WhiteTeamCountry "BEL"]
[BlackTeamCountry "ISR"]

1. d4 Nf6 2. c4 e6 3. Nf3 b6 4. g3 Ba6 5. b3 b5 6. cxb5 Bxb5 7. Bg2 d5 8. Ba3 Bd6 9. 0-0 a5 10. Ne5 Nbd7 11. Nc3 Ba6 12. Nc6 Qc8 13. Qc1 Bb7 14. Nb5 Bxa3 15. Nxa3 Ra6 16. Ne5 0-0 17. Nd3 c6 18. Rd1 Qd8 19. Rd2 Qb6 20. e3 Rc8 21. Rc2 Raa8 22. Nb2 Qd8 23. Na4 Qe7 24. Qb2 Re8 25. Rd1 h5 26. Nb1 e5 27. Qa3 Qd8 28. Nd2 exd4 29. exd4 h4 30. Bh3 hxg3 31. hxg3 Nf8 32. Nf3 Ng6 33. Bf5 Ne7 34. Bd3 Ne4 35. Nc5 Qd6 36. Bxe4 dxe4 37. Ne5 Nf5 38. Nc4 Qg6 39. Nxb7 e3 40. fxe3 Nxg3 41. Rdd2 Re6 42. Ne5 Qg5 43. Rxc6 Qxe3+ 44. Rf2 Qe4 45. Kh2 Qd5 46. Qb2 1/2-1/2

[Event "BEL-chT 0001"]
[Site "Belgium"]
[Date "2001.03.25"]
[Round "11"]
[White "Kishnev, Sergey"]
[Black "Mohandesi, Shahin"]
[Result "1/2-1/2"]
[WhiteElo "2489"]
[BlackElo "2299"]
[PlyCount "33"]
[EventDate "2000.11.18"]
[EventType "team"]
[EventRounds "13"]
[EventCountry "BEL"]
[SourceTitle "CBM 081 Extra"]
[Source "ChessBase"]
[SourceDate "2001.05.06"]
[SourceVersion "1"]
[SourceVersionDate "2001.05.06"]
[SourceQuality "1"]

1. d4 Nf6 2. Bg5 Ne4 3. Bf4 d5 4. e3 c6 5. Nd2 Nxd2 6. Qxd2 Bf5 7. c4 e6 8. Nf3 Nd7 9. Be2 dxc4 10. Bxc4 Nb6 11. Bb3 Nd5 12. Bxd5 Qxd5 13. 0-0 Be7 14. Qe2 Bg4 15. h3 Bxf3 16. Qxf3 Qxf3 17. gxf3 1/2-1/2

[Event "Bundesliga 0001"]
[Site "Germany"]
[Date "2001.02.17"]
[Round "8.2"]
[White "Kishnev, Sergey"]
[Black "Adams, Michael"]
[Result "0-1"]
[WhiteElo "2495"]
[BlackElo "2755"]
[PlyCount "82"]
[EventDate "2000.10.14"]
[EventType "team-tourn"]
[EventRounds "15"]
[EventCountry "GER"]
[SourceTitle "CBM 082 Extra"]
[Source "ChessBase"]
[SourceDate "2001.07.03"]
[SourceVersion "1"]
[SourceVersionDate "2001.07.03"]
[SourceQuality "1"]
[WhiteTeam "Gelsenkirchen Koenigsspringer"]
[BlackTeam "Luebeck"]
[WhiteTeamCountry "GER"]
[BlackTeamCountry "GER"]

1. d4 Nf6 2. c4 e6 3. Nc3 Bb4 4. Qc2 0-0 5. a3 Bxc3+ 6. Qxc3 Ne4 7. Qc2 f5 8. e3 b6 9. f3 Qh4+ 10. g3 Nxg3 11. Qf2 f4 12. Nh3 Nf5 13. Nxf4 Bb7 14. Be2 Nc6 15. Ng2 Qxf2+ 16. Kxf2 Nd6 17. Bd2 Ne4+ 18. Ke1 Nxd2 19. Kxd2 Na5 20. Raf1 Ba6 21. Kc3 d5 22. b3 c5 23. dxc5 bxc5 24. Rb1 Rab8 25. Rhe1 Rb6 26. cxd5 Bxe2 27. Rxe2 exd5 28. Ne1 d4+ 29. exd4 cxd4+ 30. Kc2 Rc8+ 31. Kd1 Nxb3 32. Re7 a5 33. Rb2 Rc1+ 34. Ke2 Rc3 35. Kf2 Rh6 36. Kg3 d3 37. Rd7 d2 38. Ng2 Rf6 39. Nf4 g5 40. Ne2 Rfxf3+ 41. Kg4 Rcd3 0-1

[Event "Bundesliga 0001"]
[Site "Germany"]
[Date "2001.01.27"]
[Round "6.2"]
[White "Nielsen, Peter Heine"]
[Black "Kishnev, Sergey"]
[Result "1-0"]
[WhiteElo "2578"]
[BlackElo "2495"]
[PlyCount "45"]
[EventDate "2000.10.14"]
[EventType "team-tourn"]
[EventRounds "15"]
[EventCountry "GER"]
[SourceTitle "CBM 082 Extra"]
[Source "ChessBase"]
[SourceDate "2001.07.03"]
[SourceVersion "1"]
[SourceVersionDate "2001.07.03"]
[SourceQuality "1"]
[WhiteTeam "Wattenscheid"]
[BlackTeam "Gelsenkirchen Koenigsspringer"]
[WhiteTeamCountry "GER"]
[BlackTeamCountry "GER"]

1. d4 Nf6 2. c4 c5 3. Nf3 cxd4 4. Nxd4 e6 5. Nc3 Bb4 6. g3 0-0 7. Bg2 d5 8. cxd5 Nxd5 9. Qb3 Na6 10. 0-0 Nc5 11. Qc2 Bxc3 12. bxc3 Bd7 13. c4 Ne7 14. Ba3 Qc7 15. Rab1 Rac8 16. Nb5 Qa5 17. Bb4 Qa6 18. Qd2 Bxb5 19. cxb5 Qxb5 20. Rfc1 Rcd8 21. Rxc5 Qxc5 22. Qxd8 Qc2 23. Qd3 1-0

[Event "Bundesliga 0001"]
[Site "Germany"]
[Date "2001.01.07"]
[Round "5.2"]
[White "Kishnev, Sergey"]
[Black "Nikolic, Predrag"]
[Result "1/2-1/2"]
[WhiteElo "2495"]
[BlackElo "2657"]
[PlyCount "52"]
[EventDate "2000.10.14"]
[EventType "team-tourn"]
[EventRounds "15"]
[EventCountry "GER"]
[SourceTitle "CBM 082 Extra"]
[Source "ChessBase"]
[SourceDate "2001.07.03"]
[SourceVersion "1"]
[SourceVersionDate "2001.07.03"]
[SourceQuality "1"]
[WhiteTeam "Gelsenkirchen Koenigsspringer"]
[BlackTeam "Solingen"]
[WhiteTeamCountry "GER"]
[BlackTeamCountry "GER"]

1. d4 Nf6 2. c4 e6 3. Nc3 d5 4. cxd5 exd5 5. Bg5 c6 6. e3 Be7 7. Bd3 Nbd7 8. Qc2 Nh5 9. Bxe7 Qxe7 10. 0-0-0 Nb6 11. h3 g6 12. Nf3 Be6 13. Kb1 0-0-0 14. Na4 Nxa4 15. Qxa4 Kb8 16. Rc1 Rd6 17. Qb4 Rc8 18. Ne5 Ka8 19. Rc3 f6 20. Nf3 Rc7 21. Rhc1 Ng7 22. Ka1 Bf7 23. Qa4 Be8 24. Qa3 Ne6 25. b4 Rd8 26. Qb2 Kb8 1/2-1/2

[Event "Bundesliga 0001"]
[Site "Germany"]
[Date "2000.10.14"]
[Round "1.2"]
[White "Kishnev, Sergey"]
[Black "Babula, Vlastimil"]
[Result "1/2-1/2"]
[WhiteElo "2495"]
[BlackElo "2582"]
[PlyCount "51"]
[EventDate "2000.10.14"]
[EventType "team-tourn"]
[EventRounds "15"]
[EventCountry "GER"]
[SourceTitle "CBM 082 Extra"]
[Source "ChessBase"]
[SourceDate "2001.07.03"]
[SourceVersion "1"]
[SourceVersionDate "2001.07.03"]
[SourceQuality "1"]
[WhiteTeam "Gelsenkirchen Koenigsspringer"]
[BlackTeam "Werder Bremen"]
[WhiteTeamCountry "GER"]
[BlackTeamCountry "GER"]

1. e4 c5 2. Nf3 Nc6 3. Bb5 d6 4. 0-0 Bd7 5. Re1 Nf6 6. c3 a6 7. Bf1 Bg4 8. h3 Bxf3 9. Qxf3 g6 10. Na3 Bg7 11. Nc2 Nd7 12. d3 0-0 13. Be3 Rc8 14. Qd1 e6 15. Qd2 Qa5 16. d4 Nf6 17. f3 cxd4 18. Nxd4 d5 19. Nxc6 Rxc6 20. e5 Nd7 21. Bd4 Qc7 22. f4 f6 23. exf6 Nxf6 24. Be5 Qb6+ 25. Bd4 Qc7 26. Be5 1/2-1/2

[Event "EU-Cup 16th"]
[Site "Neum"]
[Date "2000.09.24"]
[Round "1.2"]
[White "Kishnev, Sergey"]
[Black "Onischuk, Alexander"]
[Result "1-0"]
[WhiteElo "2495"]
[BlackElo "2627"]
[PlyCount "73"]
[EventDate "2000.09.24"]
[EventType "team-swiss"]
[EventRounds "7"]
[EventCountry "BIH"]
[SourceTitle "CBM 080"]
[Source "ChessBase"]
[SourceDate "2001.01.25"]
[SourceVersion "1"]
[SourceVersionDate "2001.01.25"]
[SourceQuality "1"]
[WhiteTeam "Eupen Rochade"]
[BlackTeam "Donetsk"]
[WhiteTeamCountry "BEL"]
[BlackTeamCountry "UKR"]

1. d4 f5 2. g3 Nf6 3. Bg2 d6 4. Bg5 e6 5. Nd2 h6 6. Bxf6 Qxf6 7. e4 Nc6 8. c3 Be7 9. exf5 exf5 10. Ne2 g5 11. f4 Bd7 12. d5 Nd8 13. Qb3 c5 14. dxc6 bxc6 15. 0-0 Ne6 16. Qb7 Rc8 17. Qxa7 g4 18. Nd4 Nxd4 19. cxd4 Be6 20. Rae1 Kf7 21. Rf2 Ra8 22. Qb6 Rhb8 23. Qxc6 Qxd4 24. Nb3 Rxb3 25. axb3 Rc8 26. Qa4 Qb6 27. Kf1 Rc7 28. Rd2 Ra7 29. Qd4 Qxd4 30. Rxd4 Ra5 31. b4 Rb5 32. Bc6 Bf6 33. Be8+ Kxe8 34. Rxe6+ Kf7 35. Rdxd6 Bxb2 36. Rb6 Rd5 37. Red6 1-0

[Event "BEL-chT 9900"]
[Site "Antwerp"]
[Date "2000.02.06"]
[Round "9"]
[White "Baklan, Vladimir"]
[Black "Kishnev, Sergey"]
[Result "1/2-1/2"]
[WhiteElo "2571"]
[BlackElo "2513"]
[PlyCount "38"]
[EventDate "1999.10.08"]
[EventType "team"]
[EventRounds "11"]
[EventCountry "BEL"]
[SourceTitle "CBM 075 Extra"]
[Source "ChessBase"]
[SourceDate "2000.05.11"]
[SourceVersion "2"]
[SourceVersionDate "2000.05.11"]
[SourceQuality "1"]

1. e4 c5 2. Nf3 Nc6 3. c3 d5 4. exd5 Qxd5 5. d4 e6 6. Na3 Bd7 7. Be3 cxd4 8. Nb5 Rc8 9. Nbxd4 Bc5 10. Nb5 Bxe3 11. Nd6+ Kf8 12. fxe3 Rb8 13. Qxd5 exd5 14. 0-0-0 Nf6 15. e4 dxe4 16. Nxe4 Nxe4 17. Rxd7 Nf6 18. Rd2 Ne4 19. Rd5 Nf6 1/2-1/2